| 000 | 01012cam a22002892 4500 | ||
|---|---|---|---|
| 001 | 24719 | ||
| 003 | BD-RjUL | ||
| 005 | 20211209001105.0 | ||
| 008 | 140315s1934 enk 000 0 eng | ||
| 035 | _a(BD-RjUL)24788 | ||
| 040 |
_aDLC _cCLE _dSER _dEQO _dBD-RjUL _beng |
||
| 041 | _aeng | ||
| 082 |
_a942.083 _bZIT |
||
| 100 | 1 |
_aZimmern, Alfred, _d1879-1957. _976088 |
|
| 245 | 1 | 4 |
_aThe third British empire : _bbeing a course of lectures delivered at Columbia University, New York / _cby Alfred Zimmern. |
| 250 | _a3d ed., rev. and enl. | ||
| 260 |
_aLondon : _bOxford University Press, H. Milford, _c1934. |
||
| 300 |
_axii, 192 p. ; _c20 cm. |
||
| 500 | _a"First edition, October 1926 ... Third edition, October 1934." | ||
| 650 | 0 |
_aImperial federation. _97461 |
|
| 650 | 0 |
_aInternational law and relations. _976089 |
|
| 651 | 0 |
_aGreat Britain _xColonies. _976090 |
|
| 651 | 0 |
_aGreat Britain _xForeign relations _y1910-1936 _976091 |
|
| 942 |
_2ddc _cBK |
||
| 999 |
_c24719 _d24719 |
||